Las revoluciones burguesas (Record no. 80339)

MARC details
000 -LEADER
campo de control de longitud fija 00611nam a2200181 i 4500
001 - NÚMERO DE CONTROL
campo de control 80339
003 - IDENTIFICADOR DE NÚMERO DE CONTROL
campo de control ES-MaACL
005 - FECHA Y HORA DE LA ÚLTIMA TRANSACCIÓN
campo de control 20250913153953.0
007 - CAMPO FIJO DE DESCRIPCIÓN FÍSICA--INFORMACIÓN GENERAL
campo de control de longitud fija t|
008 - DATOS DE LONGITUD FIJA--INFORMACIÓN GENERAL
campo de control de longitud fija 041027s1964 sp ||||1| spa d
100 1# - ENTRADA PRINCIPAL--NOMBRE DE PERSONA
Nombre de persona Hobsbawm, E. J. (
Fechas asociadas al nombre 1917-2012)
9 (RLIN) 63862
245 14 - MENCIÓN DEL TÍTULO
Título Las revoluciones burguesas
Resto del título : Europa 1789-1848 /
Mención de responsabilidad, etc. Eric J. Hobsbawm ; lo tradujo al español F. Ximénez de Sandoval.
260 ## - PUBLICACIÓN, DISTRIBUCIÓN, ETC.
Lugar de publicación, distribución, etc. Madrid :
Nombre del editor, distribuidor, etc. Guadarrama,
Fecha de publicación, distribución, etc. 1964.
300 ## - DESCRIPCIÓN FÍSICA
Extensión 403 p., 37 lám. ;
Dimensiones 24 cm.
700 1# - ENTRADA AGREGADA--NOMBRE PERSONAL
Nombre de persona Ximénez de Sandoval, Felipe,
Fechas asociadas al nombre 1903-1978
9 (RLIN) 117510
852 ## - LOCALIZACIÓN
Ubicación ES-MaACL
Número de control de estantería C-24591
Sublocalización o colección R.53439
Holdings
Estatus retirado Estado de pérdida Estado de daño No para préstamo Biblioteca de origen Biblioteca actual Ubicación en estantería Fecha de adquisición Fuente de adquisición Total de préstamos Signatura topográfica completa Código de barras Visto por última vez Precio de reemplazo Tipo de ítem Koha
        Biblioteca del Ateneo de Madrid Biblioteca del Ateneo de Madrid Depósito 2 17/01/2008     C-24591 1083998 23/02/2023 23/02/2023 Libro impreso